[Hospodárska politika (Vybrané kapitoly)]

Recenzia na publikáciu s názvom „Hospodárska politika (Vybrané kapitoly)“ ktorá je zameraná na vysvetlenie prístupu štátu k ekonomike danej krajiny, úlohy, ktoré štát v ekonomike zohráva, na analýzu ekonomických javov a situácií vo vonkajšom ekonomickom prostredí, ktoré musí praktická hospodárska...

Descrizione completa

Salvato in:
Dettagli Bibliografici
Autore principale: Gontkovičová, Barbora, 1986-
Natura: Capitolo di libro
Lingua:slovacco
Soggetti:
Tags: Aggiungi Tag
Nessun Tag, puoi essere il primo ad aggiungerne!!

MARC

LEADER 00000naa a2200000 4500
001 0199413
005 20240502073357.2
041 0 |a slo 
044 |a SK 
245 1 0 |a [Hospodárska politika (Vybrané kapitoly)]  |c Barbora Gontkovičová 
520 |a Recenzia na publikáciu s názvom „Hospodárska politika (Vybrané kapitoly)“ ktorá je zameraná na vysvetlenie prístupu štátu k ekonomike danej krajiny, úlohy, ktoré štát v ekonomike zohráva, na analýzu ekonomických javov a situácií vo vonkajšom ekonomickom prostredí, ktoré musí praktická hospodárska politika riešiť. Publikácia poskytuje výstižné informácie nevyhnutné pre oboznámenie sa s problematikou fungovania hospodárskej politiky krajiny ako takej. 
610 2 0 |a recenzie 
610 2 0 |a štát 
610 2 0 |a prostredie ekonomické 
610 2 0 |a javy ekonomické 
610 2 0 |a politika hospodárska 
100 1 |a Gontkovičová, Barbora, 1986-